| 000 | 00884nas a2200217 a 4500 | ||
|---|---|---|---|
| 001 | 29532 | ||
| 003 | AR-BaAGN | ||
| 005 | 20231103123720.0 | ||
| 007 | ta | ||
| 008 | 220701s1931 ag |||p|r||||f|||||0spa d | ||
| 040 |
_aAR-BaAGN _bspa _eaacr |
||
| 245 | 0 | 0 |
_aLa literatura argentina : _brevista bibliográfica. |
| 260 |
_aBuenos Aires : _bL. J. Rosso, _c1931. |
||
| 300 |
_a[24] páginas : _bil., fotos, mapa |
||
| 336 |
_2rdacontent _btxt |
||
| 337 |
_2rdamedia _bn |
||
| 338 |
_2rdacarrier _bnc |
||
| 520 | _aLa Revista del Hogar para Ciegos. Sala de lectura para niños en la Biblioteca Nacional. Una entrevista con Enrique de Gandía. El doctor John Tate Lanning y el intercambio intelectual entre Argentina y lso Estados Unidos. Anécdotas de escritores argentinos contadas por Alfredo Duhau. Actualidad bibliográfica. Guía de Revistas | ||
| 942 | _cREVISTA | ||
| 999 |
_c29532 _d29532 |
||